Every MLB Postseason Team Since 2020 - Statistics

General Stats
  • This quiz has been taken 34 times
  • The average score is 36 of 50
Answer Stats
Hint Answer % Correct
NL E Atlanta Braves
100%
AL E Baltimore Orioles
100%
NL W Los Angeles Dodgers
93%
AL C Minnesota Twins
93%
AL W Houston Astros
89%
NL C Milwaukee Brewers
89%
NL WC 3 Arizona Diamondbacks
85%
NL E Atlanta Braves
85%
NL WC 2 Miami Marlins
85%
AL E New York Yankees
85%
NL WC 1 Philadelphia Phillies
85%
AL WC 2 Texas Rangers
85%
AL C Cleveland Guardians
81%
AL W Houston Astros
81%
NL W Los Angeles Dodgers
81%
AL WC 1 Tampa Bay Rays
81%
NL C St Louis Cardinals
78%
AL WC 3 Toronto Blue Jays
78%
NL E Atlanta Braves
74%
NL E Atlanta Braves
74%
AL W Houston Astros
74%
NL C Milwaukee Brewers
74%
NL WC 3 Philadelphia Phillies
74%
NL W San Francisco Giants
74%
NL W Los Angeles Dodgers
70%
NL WC 1 New York Mets
70%
AL WC 2 Seattle Mariners
70%
AL E Tampa Bay Rays
70%
AL E Tampa Bay Rays
70%
AL WC 1 Toronto Blue Jays
70%
AL WC 1 Boston Red Sox
67%
NL C Chicago Cubs
67%
AL C Chicago White Sox
67%
NL WC 1 Los Angeles Dodgers
67%
AL C Minnesota Twins
67%
AL W Oakland A's
67%
NL WC 2 San Diego Padres
67%
AL WC 3 Tampa Bay Rays
67%
AL WC 2 New York Yankees
59%
NL WC 2 St Louis Cardinals
59%
AL WC 2 New York Yankees
56%
AL WC 5 Toronto Blue Jays
56%
AL WC 3 Houston Astros
52%
NL WC 3 Miami Marlins
52%
AL WC 4 Chicago White Sox
48%
NL WC 4 Cincinnati Reds
48%
AL WC 1 Cleveland Indians
48%
NL WC 5 Milwaukee Brewers
44%
NL WC 1 San Diego Padres
44%
NL WC 2 St Louis Cardinals
44%
No matching quizzes found
Score Distribution
Percent of People with Each Score
Percentile by Number Answered
Your Score History
You have not taken this quiz